Statistiques concernant Ils sont ou étaient français mais nés hors de France 3

Cliquez ici pour prendre le quiz!

Statistiques générales

  • Ce quiz a été pris 18 fois
  • Le résultat moyen est 7 sur 40

Statistiques - réponses

Indice 1Indice 2Indice 3Prénom et nom% Correct
ChanteurJDEtats-UnisJoe Dassin
83%
AnimateurAMarocArthur
44%
HumoristeGEMarocGad Elmaleh
44%
AvocatJVLaosJacques Vergès
39%
CouturierPCItaliePierre Cardin
39%
ChanteuseCBItalieCarla Bruni
33%
CinéasteCGGrèceCosta-Gavras
33%
ChanteurNFItalieNino Ferrer
33%
ChanteurYMItalieYves Montand
33%
ActeurJRMarocJean Reno
28%
ChanteuseAIndonésieAnggun
22%
JournalisteFOGEtats-UnisFranz-Olivier Giesbert
22%
JournalisteLSLibanLéa Salamé
22%
SportifMDGhanaMarcel Desailly
22%
EcrivainRGLituanieRomain Gary
22%
AnimateurSFMadagascarSébastien Folin
22%
AnimateurBMMarocBernard Montiel
17%
ChanteuseBGhanaBibie
17%
HumoristeBMarocBooder
17%
PoliticienDDVMarocDominique de Villepin
17%
ActeurYAIsraëlYvan Attal
17%
AnimatriceFEMarocFabienne Egal
11%
ActriceFCGabonFanny Cottençon
11%
PoèteGAItalieGuillaume Appolinaire
11%
SportifJTMaliJean Tigana
11%
ChanteurASMarocAlain Souchon
6%
ChanteurAMadagascarAntoine
6%
ChanteuseANMaliAya Nakamura
6%
EcrivainDPMarocDaniel Pennac
6%
PoliticienneEGMarocElisabeth Guigou
6%
SportifGFMarocGuy Forget
6%
MusicienJBLItalieJean-Baptiste Lully
6%
ChanteuseJBEtats-UnisJosephine Baker
6%
EcrivainCSMadagascarClaude Simon
0%
ActriceDSLibanDelphine Seyrig
0%
ChanteuseFBMarocFrida Boccara
0%
JournalisteGPMarocGeorges Pernoud
0%
SportifHAEthiopieHubert Auriol
0%
ActeurJMMarocJacques Monod
0%
PoliticienRSLuxembourgRobert Schuman
0%

Distribution des résultats

Percentile par nombre de réponses

% des personnes avec chaque résultat

Votre développement - résultats

Vous n’avez pas pris ce quiz